Marvel Characters who Share Names with Disney Princesses by Picture - Statistics

General Stats
  • This quiz has been taken 28 times
  • The average score is 4 of 6
Answer Stats
Picture Answer % Correct
Aurora
92%
Elsa
88%
Belle
67%
Jasmine
54%
Ariel
50%
Asha
13%
No matching quizzes found
Score Distribution
Percent of People with Each Score
Percentile by Number Answered
Your Score History
You have not taken this quiz